00301nam a22001217a 4500003000400000008004100004100001800045245003500063250000900098260005200107300000800159650001200167OSt250506b |||||||| |||| 00| 0 eng d aRAHEJA, Madan aVedo ki Vaani Santo Ki Jubhani a16th aNew DelhibVijay Kumar Govindram Hasanandc2016 a184 aGeneral